| 000 | 00454nam a22001937a 4500 | ||
|---|---|---|---|
| 003 | LK-CoMWRAF | ||
| 005 | 20231019225857.0 | ||
| 008 | 231019b |||||||| |||| 00| 0 eng d | ||
| 020 | _a0571162835 | ||
| 040 |
_aLK-CoMWRAF _dLK-CoMWRAF _eLK-CoMWRAF |
||
| 041 | _aeng | ||
| 082 |
_a823 _bISH |
||
| 100 | _aIshiguro, Kazuo | ||
| 245 | _aA Pale view of hills | ||
| 260 |
_bFaber, _c1991 |
||
| 300 | _a183p | ||
| 650 | _aEnglish Fiction | ||
| 942 | _cBK | ||
| 999 |
_c3949 _d3949 |
||